Statistics for "Dirty" words

Click here to take the quiz!

General Stats

  • This quiz has been taken 690 times
  • The average score is 6 of 20

Answer Stats

HintAnswer% Correct
The seventh planet from the sunUranus
89%
One who plays the pianoPianist
75%
Capital of ThailandBangkok
68%
The little hangy ball in the back of your throatUvula
48%
Another word for sailorsSeamen
43%
Slang term for a common american grilling food eaten with relishWeiner
40%
A hole in the ice to which whales or seals come to breatheBlow Hole
30%
The deck of a ship that forms the roof of the cabinPoop Deck
28%
The extra skin located on your elbowWenis
28%
Large lake located between Bolivia and PeruLake Titicaca
26%
Pertaining to, or involving punishment, as for crimes or offensesPenal
24%
The small, immature fruit of a variety of cucumber, used in picklingGherkin
21%
An american football positionTight End
20%
Country located on the horn of africa bordered by the red seaDjibouti
19%
The cleaning rod for the barrel of a rifleRamrod
11%
A term used to describe a control freakAnal Retentive
10%
The shell of a sea snailConch
10%
Alongside each other and facing in the same directionAbreast
5%
To grind or crush somethingMasticate
2%
To throw or hurl a javelin or dartsJaculate
1%

Score Distribution

Percentile by Number Answered

Percent of People with Each Score

Your Score History

You have not taken this quiz